000 00335nam a22001457a 4500
008 221109b ||||| |||| 00| 0 eng d
020 _a9780133657166
041 _aeng
080 _215TH ANNIVERSARY EDITION
_a94
082 _a94 WIL
100 _a28
101 _aHIS
245 _aEYES ON THE PRIZE
_cWILLIAMS J
942 _2udc
_cBK
999 _c58829
_d58829